| 000 | 00626nam a22001697a 4500 | ||
|---|---|---|---|
| 020 | _qHard Cover. | ||
| 082 | _a620.1 | ||
| 100 | _aAkhtar, Muhammad Hashim | ||
| 245 |
_aOptimal Feature Reduction Techniques for Improved Myoelectric Control _cMuhammad Hashim Akhtar. |
||
| 260 |
_aIslamabad: _bSMME - NUST, _c2016. |
||
| 300 |
_a34 p.: ill.; _c30cm. |
||
| 650 |
_aMechanical and Manufacturing Engineering MS-Thesis. _921310 |
||
| 700 |
_aSupervisor : Dr. Mohsin Jamil _9120101 |
||
| 856 | _uhttp://10.250.8.41:8080/xmlui/handle/123456789/12768 | ||
| 942 |
_2ddc _cTHE |
||
| 999 |
_c529372 _d529372 |
||